| 000 | 00591nam a2200205 i 4500 | ||
|---|---|---|---|
| 001 | 142506 | ||
| 003 | ES-MaACL | ||
| 005 | 20250907063112.0 | ||
| 007 | t| | ||
| 008 | 071005s1983 sp ||||1| spa d | ||
| 100 | 1 |
_aVillalonga, Llorenç, _d1897-1980 _9114975 |
|
| 245 | 1 | 3 |
_aEl misántropo / _cpor Llorenç Villalonga. |
| 250 | _a[2ª ed.]. | ||
| 260 |
_aBarcelona : _bPlaza & Janés, _c[1983] |
||
| 300 |
_a255 p. ; _c19 cm. |
||
| 490 | 1 | _aNovelistas del día | |
| 830 | 0 |
_aNovelistas del día _9180813 |
|
| 852 |
_aES-MaACL _jL-6442 _bR.106968 |
||
| 999 |
_c142506 _d142506 |
||